| 000 | 00740nam a2200169 a 4500 | ||
|---|---|---|---|
| 008 | 160510s2014 ||||||||||||||||| || u | ||
| 020 | _a9781473601284 | ||
| 050 | _aPN 4193.B8 Woo | ||
| 100 | _aWoolfrey, Tricia | ||
| 245 | 1 | 4 |
_aThe presenting coach _cBy Tricia Woolfrey |
| 260 |
_aLondon _bHodder and Stoughton _c2014 |
||
| 300 | _ax, 246p.: ill. | ||
| 350 | _a16.99 | ||
| 650 | _aPRESENTATION SKILLS | ||
| 995 |
_aMAIN LIBRARY OPEN ACCESS _e745686 _FCBU-MAIN LIBRARY (Kitwe) _I16.99 _jPN 4193.B8 Woo _M1 _UAVAILABLE _WJul 22, 2016 _y745686 _ZMain Library Open Access Collection |
||
| 995 |
_aMAIN LIBRARY OPEN ACCESS _e746353 _FCBU-MAIN LIBRARY (Kitwe) _I16.99 _jPN 4193.B8 Woo _M2 _UAVAILABLE _WAug 4, 2016 _y746353 _ZMain Library Open Access Collection |
||
| 999 |
_c77029 _d77029 |
||